| 000 | 00721nam a2200217Ia 4500 | ||
|---|---|---|---|
| 005 | 20220720093742.0 | ||
| 008 | 210716s2009 xx 000 0 und d | ||
| 020 | _a9781420067668 | ||
| 040 | _cAIMIT LIBRARY | ||
| 041 | _aeng | ||
| 082 |
_a005.4482 _21 _bWANL |
||
| 245 |
_aGrid computing : _binfrastructure service and applications / _cEdited by Lizhe Wang, Wei Jie and Jinjun Chen. |
||
| 250 | _a1st ed. | ||
| 260 |
_aNew York : _bCRC Press , _c2009 . |
||
| 300 |
_axvi, 512p. ; _bPB _c23 cm. |
||
| 650 |
_aGrid infrastructure and middleware _951158 |
||
| 650 |
_aFlow networking in grid simulations _951537 |
||
| 700 |
_aJie, Wei. _951157 |
||
| 700 |
_aChen, Jinjun. _951538 |
||
| 942 |
_2ddc _cBK _e1st _k005.448 WANL |
||
| 999 |
_c193064 _d193064 |
||